<?xml version="1.0" encoding="UTF-8"?>
<collection xmlns="http://www.loc.gov/MARC21/slim">
<record>
  <controlfield tag="001">63157</controlfield>
  <controlfield tag="005">20240322114949.0</controlfield>
  <datafield tag="024" ind1="7" ind2=" ">
    <subfield code="2">doi</subfield>
    <subfield code="a">10.26754/ojs_tropelias/tropelías.201712118</subfield>
  </datafield>
  <datafield tag="024" ind1="8" ind2=" ">
    <subfield code="2">sideral</subfield>
    <subfield code="a">101830</subfield>
  </datafield>
  <datafield tag="037" ind1=" " ind2=" ">
    <subfield code="a">ART-2017-101830</subfield>
  </datafield>
  <datafield tag="041" ind1=" " ind2=" ">
    <subfield code="a">spa</subfield>
  </datafield>
  <datafield tag="100" ind1=" " ind2=" ">
    <subfield code="a">Pueo Domínguez, Juan Carlos</subfield>
    <subfield code="u">Universidad de Zaragoza</subfield>
    <subfield code="0">(orcid)0000-0002-0761-2865</subfield>
  </datafield>
  <datafield tag="245" ind1=" " ind2=" ">
    <subfield code="a">La novela de humor y la censura: el caso Jardiel Poncela</subfield>
  </datafield>
  <datafield tag="260" ind1=" " ind2=" ">
    <subfield code="c">2017</subfield>
  </datafield>
  <datafield tag="506" ind1="0" ind2=" ">
    <subfield code="a">Access copy available to the general public</subfield>
    <subfield code="f">Unrestricted</subfield>
  </datafield>
  <datafield tag="520" ind1="3" ind2=" ">
    <subfield code="a">En La «tourne´e» de Dios —la u´ltima novela del ciclo que escribio´ para la editorial Biblioteca Nueva, publicada en 1932—, Jardiel hace declarar al Supremo Hacedor: «LA FORMA IDEAL DE GOBIERNO EN LOS ESTADOS DE LA TIERRA SON LAS DICTADURAS. PARA GOBERNAR NO HAY MA´S QUE UN CAMINO: QUE UN SOLO HOMBRE INTELIGENTE CREE AL MISMO TIEMPO UNA LEY JUSTA Y UNA PENA TERRIBLE. Y, TRANSGREDIDA LA LEY, APLIQUE LA PENA SIN APELACIO´N, SIN INDULTO Y POR LA ETERNIDAD» (Jardiel Poncela, 1932: 306). Como ha sen~alado la cri´tica en numerosas ocasiones, el Dios de la novela de Jardiel se halla ma´s cercano al Dios vengador del Antiguo Testamento que al misericordioso del Nuevo. Y es este Dios el que elige Jardiel para formular a trave´s de e´l todo su ideario poli´tico, religioso y vital. Sabido es que la actitud poli´tica de Jardiel tendi´a a un individualismo de signo reaccionario, y aunque es verdad que los episodios transcurridos durante la Guerra Civil —confiscacio´n de su automo´vil por un grupo de milicianos, interrogatorio en una checa con motivo de una delacio´n que le acusaba de ocultar a un poli´tico de derechas, profanacio´n de la tumba de su madre en Quinto de Ebro— le llevaron a escapar de la zona republicana, su postura respecto al bando de los sublevados fue desde el primer momento de simpati´a: en las primeras semanas, cuando todavi´a esperaba que el eje´rcito franquista tomase Madrid sin problemas, se ofrecio´ para esconder a su amigo Carlos Sampelayo, periodista del Heraldo de Madrid que se habi´a significado claramente a favor de la causa republicana1. Los acontecimientos se sucedieron de forma distinta, y Jardiel se vio obligado a escapar de la capital. Pero cuando, despue´s de haber pasado por Francia y Argentina, se apresuro´ a volver a la zona llamada nacional, lo hizo con la esperanza de no tener ningu´n problema para reanudar su labor literaria.</subfield>
  </datafield>
  <datafield tag="540" ind1=" " ind2=" ">
    <subfield code="9">info:eu-repo/semantics/openAccess</subfield>
    <subfield code="a">by</subfield>
    <subfield code="u">http://creativecommons.org/licenses/by/3.0/es/</subfield>
  </datafield>
  <datafield tag="655" ind1=" " ind2="4">
    <subfield code="a">info:eu-repo/semantics/article</subfield>
    <subfield code="v">info:eu-repo/semantics/publishedVersion</subfield>
  </datafield>
  <datafield tag="710" ind1="2" ind2=" ">
    <subfield code="1">3010</subfield>
    <subfield code="2">796</subfield>
    <subfield code="a">Universidad de Zaragoza</subfield>
    <subfield code="b">Dpto. Lingüíst. Gral. e Hisp.</subfield>
    <subfield code="c">Área Teor.Liter.y Liter.Compa.</subfield>
  </datafield>
  <datafield tag="773" ind1=" " ind2=" ">
    <subfield code="g">1, Extraordinario (2017), 260-267</subfield>
    <subfield code="p">Tropelías (Zaragoza)</subfield>
    <subfield code="t">Tropelías (Zaragoza)</subfield>
    <subfield code="x">1132-2373</subfield>
  </datafield>
  <datafield tag="856" ind1="4" ind2=" ">
    <subfield code="s">320437</subfield>
    <subfield code="u">http://zaguan.unizar.es/record/63157/files/texto_completo.pdf</subfield>
    <subfield code="y">Versión publicada</subfield>
  </datafield>
  <datafield tag="856" ind1="4" ind2=" ">
    <subfield code="s">107074</subfield>
    <subfield code="u">http://zaguan.unizar.es/record/63157/files/texto_completo.jpg?subformat=icon</subfield>
    <subfield code="x">icon</subfield>
    <subfield code="y">Versión publicada</subfield>
  </datafield>
  <datafield tag="909" ind1="C" ind2="O">
    <subfield code="o">oai:zaguan.unizar.es:63157</subfield>
    <subfield code="p">articulos</subfield>
    <subfield code="p">driver</subfield>
  </datafield>
  <datafield tag="951" ind1=" " ind2=" ">
    <subfield code="a">2024-03-22-11:46:30</subfield>
  </datafield>
  <datafield tag="980" ind1=" " ind2=" ">
    <subfield code="a">ARTICLE</subfield>
  </datafield>
</record>
</collection>